000
00252nam a22001097a 4500
008
170126b xxu||||| |||| 00| 0 eng d
020
_a
9780072820300
041
_a
eng
080
_2
9TH
_a
61
245
_a
HUMAN DEVELOPMENT
_c
PAPALIA, D.E
942
_2
udc
_c
BK
999
_c
3761
_d
3761